000 00706nam a2200205 i 4500
001 49265
003 ES-MaACL
005 20250816062545.0
007 t|
008 030711s1902 sp ||||1| spa d
080 _a111.852
100 1 _aCortellini Díaz del Alcázar, Jacinto.
_940842
245 1 3 _aLa belleza
_b: disertación filosófico-histórica /
_cpor Jacinto Cortellini Díaz del Alcázar ; con un prólogo de Enrique de Obregón.
260 _aMadrid :
_bE. Catalá,
_c1902.
300 _a27 p. ;
_c25 cm.
650 7 _aEstética
_2embne
_9142387
700 1 _aObregón, Enrique de.
_986425
852 _aES-MaACL
_jT-1030-F-2
_z.- Dedicatoria autógrafa del autor
999 _c49265
_d49265